000 01339cam a2200349 a 4500
999 _c174385
_d174385
001 16064829
003 Nust
005 20180117090021.0
008 100122s2010 cau b 001 0 eng
010 _a 2010003003
020 _a9788132104001 (hbk.)
020 _a8132104005 (hbk.)
035 _a(OCoLC)ocn502158858
040 _aDLC
_cDLC
_dYDXCP
_dC#P
_dBWX
_dDLC
043 _aa-ii---
050 0 0 _aHC440.P6
_bC46 2010
082 0 0 _a339.4/60954
_222
100 1 _aChelliah, Raja Jesudoss.
245 1 0 _aPolitical economy of poverty eradication in India and essays on fiscal reforms /
_cRaja J. Chelliah.
260 _aLos Angeles :
_bSAGE Publications :
_bMSE,
_c2010.
300 _axxxiii, 145 p. ;
_c23 cm.
504 _aIncludes bibliographical references and index.
650 0 _aPoverty
_xGovernment policy
_zIndia.
650 0 _aFiscal policy
_zIndia.
651 0 _aIndia
_xEconomic policy.
651 0 _aIndia
_xEconomic conditions.
710 2 _aMadras School of Economics.
906 _a7
_bcbc
_corignew
_d1
_eecip
_f20
_gy-gencatlg
942 _2ddc
_cBK